Relazione sul progetto preliminare di codice penale italiano (Record no. 126192)

MARC details
000 -LEADER
campo de control de longitud fija 00641nam a2200157 4500
001 - NÚMERO DE CONTROL
campo de control 126192
003 - IDENTIFICADOR DE NÚMERO DE CONTROL
campo de control ES-MaACL
007 - CAMPO FIJO DE DESCRIPCIÓN FÍSICA--INFORMACIÓN GENERAL
campo de control de longitud fija t|
008 - DATOS DE LONGITUD FIJA--INFORMACIÓN GENERAL
campo de control de longitud fija 070214s1921 it r ||||1| ita d
110 2# - ENTRADA PRINCIPAL--NOMBRE DE ENTIDAD CORPORATIVA
Nombre de entidad corporativa o nombre de jurisdicción como elemento de entrada Italia.
Unidad subordinada Commissione Reale per la Riforma delle Leggi Penali.
9 (RLIN) 5307
245 10 - MENCIÓN DEL TÍTULO
Título Relazione sul progetto preliminare di codice penale italiano
Resto del título : Libro I = Rapport sur le projet préliminaire de code pénal italien : Libre I /
Mención de responsabilidad, etc. Commissione Reale per la Riforma delle Leggi Penali.
260 ## - PUBLICACIÓN, DISTRIBUCIÓN, ETC.
Lugar de publicación, distribución, etc. Rome :
Nombre del editor, distribuidor, etc. L'universelle,
Fecha de publicación, distribución, etc. 1921.
300 ## - DESCRIPCIÓN FÍSICA
Extensión 368 p. ;
Dimensiones 24 x 17 cm.
500 ## - NOTA GENERAL
Nota general Texto bilingüe, italiano y francés.
852 ## - LOCALIZACIÓN
Ubicación ES-MaACL
Número de control de estantería G-14041
Holdings
Estatus retirado Estado de pérdida Estado de daño No para préstamo Biblioteca de origen Biblioteca actual Ubicación en estantería Fecha de adquisición Fuente de adquisición Total de préstamos Signatura topográfica completa Código de barras Visto por última vez Precio de reemplazo Tipo de ítem Koha
        Biblioteca del Ateneo de Madrid Biblioteca del Ateneo de Madrid Sala Pecera Planta 3 17/01/2008     G-14041 1131441 23/02/2023 23/02/2023 Libro impreso